Top 50 AFL players in 2024 - Statistics

General Stats
  • This quiz has been taken 98 times
  • The average score is 30 of 50
Answer Stats
Hint Answer % Correct
Blues Cripps
91%
Lions Neale
91%
Magpies Daicos
90%
Magpies Cameron
86%
Cats Cameron
86%
Blues Curnow
84%
Fero Serong
83%
Crows Dawson
80%
Bulldogs Bontempelli
79%
Giants Green
79%
Swans Heeney
77%
Power Butters
76%
Demons Gawn
74%
Giants Hogan
74%
Swans Gulden
73%
Kangaroos Sheezel
73%
Lions Andrews
71%
Swans Warner
71%
Lions Zorko
71%
Bombers Merrett
70%
Crows Rankine
69%
Suns Rowell
67%
Blues Weitering
66%
Eagles Reid
63%
Suns Anderson
61%
Hawks Newcombe
61%
Hawks Moore
59%
Cats Stewart
59%
Hawks Day
57%
Bulldogs Treloar
56%
Cats Holmes
54%
Suns King
53%
Eagles Mcgovern
51%
Swans Blakey
50%
Power Horne Francis
50%
Eagles Waterman
50%
Demons Viney
49%
Giants Whitfield
44%
Blues De Koning
41%
Power Houston
41%
Lions McCluggage
41%
Fero Treacy
37%
Cats Stengle
36%
Fero Clark
33%
Bulldogs Ugle-Hagen
33%
Saints Wanganeen - Milera
31%
Hawks D'Ambrosio
29%
Giants Daniels
27%
Kangaroos Davies-Uniake
16%
Saints Wilke
4%
No matching quizzes found
Score Distribution
Percent of People with Each Score
Percentile by Number Answered
Your Score History
You have not taken this quiz